Stavbou roka 2015 je hotel
Prerod schátralého gbelianskeho kaštieľa na luxusný hotel Château Gbeľany. Ocenenie v súťaži Stavba roka 2015. Slogan hotela a motív, ktorý sa prejavuje na všetkých grafických a interiérových prvkoch: "V súlade s prírodou".
Saved in:
| Main Author: | |
|---|---|
| Other Authors: | , |
| Format: | Book Chapter |
| Language: | Slovak |
| Subjects: | |
| Tags: |
No Tags, Be the first to tag this record!
|
MARC
| LEADER | 00000naa a2200000 4500 | ||
|---|---|---|---|
| 001 | 0220051 | ||
| 005 | 20231011130419.7 | ||
| 041 | 0 | |a slo | |
| 044 | |a SK | ||
| 245 | 1 | 0 | |a Stavbou roka 2015 je hotel |c Zlatica Kramárová, Katarína Fialová, Martin Ambruš |
| 520 | |a Prerod schátralého gbelianskeho kaštieľa na luxusný hotel Château Gbeľany. Ocenenie v súťaži Stavba roka 2015. Slogan hotela a motív, ktorý sa prejavuje na všetkých grafických a interiérových prvkoch: "V súlade s prírodou". | ||
| 610 | 2 | 0 | |a hotely |
| 610 | 2 | 0 | |a pamiatky |
| 610 | 2 | 0 | |a architektúra |
| 610 | 2 | 0 | |a rekonštrukcia |
| 610 | 2 | 0 | |a príroda |
| 610 | 2 | 0 | |a dizajn |
| 610 | 2 | 0 | |a ceny |
| 610 | 2 | 0 | |a Slovensko |
| 100 | 1 | |a Kramárová, Zlatica | |
| 700 | 1 | |a Fialová, Katarína | |
| 700 | 1 | |a Ambruš, Martin | |